00368 2200157 4500245003800000020001800038250001200056100001700068650001600085005001900101260003000120041001400150084000800164300002900172336000900201 aRemember WhencWinna EfendihText a979-780-487-9 aCet. 13 aWinna Efendi aNovel Fiksi a20230112150712 aJakartabGagasMediac2011 aIndonesia a813 aviii, 252 hlm. :c19 cm. atext